| 000 | 00459nam a2200169 i 4500 | ||
|---|---|---|---|
| 001 | 81748 | ||
| 003 | ES-MaACL | ||
| 005 | 20230906174514.0 | ||
| 007 | t| | ||
| 008 | 041105s1919 xxk |||| |beng d | ||
| 100 | 1 |
_aHyndman, H. M. _964886 |
|
| 245 | 1 | 0 |
_aClemenceau, the man and his time / _cH.M. Hyndman. |
| 260 |
_aLondon : _bGrant Richards, _c[1919] |
||
| 300 |
_a305 p. ; _c23 cm. |
||
| 600 | 1 | 4 |
_aClemenceau, Georges. _939169 |
| 852 |
_aES-MaACL _jF-2272 |
||
| 999 |
_c81748 _d81748 |
||